| 000 -LEADER |
| fixed length control field |
01896cam a2200397 i 4500 |
| 001 - CONTROL NUMBER |
| control field |
19058317 |
| 003 - CONTROL NUMBER IDENTIFIER |
| control field |
NUST |
| 005 - DATE AND TIME OF LATEST TRANSACTION |
| control field |
20230209095047.0 |
| 008 - FIXED-LENGTH DATA ELEMENTS--GENERAL INFORMATION |
| fixed length control field |
160418s2016 pk b 001 0 eng |
| 010 ## - LIBRARY OF CONGRESS CONTROL NUMBER |
| LC control number |
2016349087 |
| 020 ## - INTERNATIONAL STANDARD BOOK NUMBER |
| International Standard Book Number |
9780199403417 |
| 025 ## - OVERSEAS ACQUISITION NUMBER |
| Overseas acquisition number |
P-E-2016349087; 13 |
| 037 ## - SOURCE OF ACQUISITION |
| Source of stock number/acquisition |
Library of Congress -- Islamabad Overseas Office |
| 040 ## - CATALOGING SOURCE |
| Original cataloging agency |
DLC |
| Language of cataloging |
eng |
| Transcribing agency |
DLC |
| Description conventions |
rda |
| 042 ## - AUTHENTICATION CODE |
| Authentication code |
lcode |
| -- |
pcc |
| 043 ## - GEOGRAPHIC AREA CODE |
| Geographic area code |
a-pk--- |
| -- |
a-ii--- |
| 050 00 - LIBRARY OF CONGRESS CALL NUMBER |
| Classification number |
DS392.F43 |
| Item number |
B36 2016 |
| 082 ## - DEWEY DECIMAL CLASSIFICATION NUMBER |
| Classification number |
954.035095491,SAL |
| 100 1# - MAIN ENTRY--PERSONAL NAME |
| Personal name |
Bangash, Salman, |
| Relator term |
author. |
| 9 (RLIN) |
108757 |
| 245 14 - TITLE STATEMENT |
| Title |
The Frontier tribal belt : |
| Remainder of title |
Genesis and purpose under the Raj / |
| Statement of responsibility, etc. |
Salman Bangash. |
| 250 ## - EDITION STATEMENT |
| Edition statement |
First edition. |
| 264 #1 - PRODUCTION, PUBLICATION, DISTRIBUTION, MANUFACTURE, AND COPYRIGHT NOTICE |
| Place of production, publication, distribution, manufacture |
Karachi : |
| Name of producer, publisher, distributor, manufacturer |
Oxford University Press, |
| Date of production, publication, distribution, manufacture, or copyright notice |
2016. |
| 300 ## - PHYSICAL DESCRIPTION |
| Extent |
xiv365 pages ; |
| Dimensions |
23 cm |
| 336 ## - CONTENT TYPE |
| Content type term |
text |
| Content type code |
txt |
| Source |
rdacontent |
| 337 ## - MEDIA TYPE |
| Media type term |
unmediated |
| Media type code |
n |
| Source |
rdamedia |
| 338 ## - CARRIER TYPE |
| Carrier type term |
volume |
| Carrier type code |
nc |
| Source |
rdacarrier |
| 505 ## - FORMATTED CONTENTS NOTE |
| Formatted contents note |
Introduction (Page-1), Topography, Ethnography, and Geo strategic significance of the tribal belt: A brief analysis (Page-6), British frontier policy: The colonial and imperial problem (Page-42), Afghanistan in Anglo Russian diplomacy and its implementations on the tribal belt (Page-92), British frontier policy (Page-149), Tribal administration (Page-213), British imperialism and the frontier wars (Page-251), Conclusion (Page-312). |
| 610 10 - SUBJECT ADDED ENTRY--CORPORATE NAME |
| Corporate name or jurisdiction name as entry element |
Great Britain. |
| Subordinate unit |
Army |
| General subdivision |
Colonial forces |
| Geographic subdivision |
India |
| General subdivision |
History. |
| 9 (RLIN) |
108758 |
| 650 #0 - SUBJECT ADDED ENTRY--TOPICAL TERM |
| Topical term or geographic name entry element |
Borderlands |
| Geographic subdivision |
Pakistan |
| -- |
Khyber Pakhtunkhwa |
| General subdivision |
History. |
| 9 (RLIN) |
108759 |
| 651 #0 - SUBJECT ADDED ENTRY--GEOGRAPHIC NAME |
| Geographic name |
Federally Administered Tribal Areas (Pakistan) |
| General subdivision |
History. |
| 9 (RLIN) |
5461 |
| 651 #0 - SUBJECT ADDED ENTRY--GEOGRAPHIC NAME |
| Geographic name |
Khyber Pakhtunkhwa (Pakistan) |
| General subdivision |
History, Military. |
| 9 (RLIN) |
3758 |
| 651 #0 - SUBJECT ADDED ENTRY--GEOGRAPHIC NAME |
| Geographic name |
India |
| General subdivision |
History |
| Chronological subdivision |
British occupation, 1765-1947. |
| 9 (RLIN) |
3825 |
| 906 ## - LOCAL DATA ELEMENT F, LDF (RLIN) |
| a |
7 |
| b |
cbc |
| c |
origode |
| d |
3 |
| e |
ncip |
| f |
20 |
| g |
y-gencatlg |
| 942 ## - ADDED ENTRY ELEMENTS (KOHA) |
| Source of classification or shelving scheme |
|
| Koha item type |
Book |
| Call number prefix |
954.035095491,SAL |